Legal Research and Writing - new perspectives (Record no. 1311916)

MARC details
000 -LEADER
fixed length control field 00515nam a2200181Ia 4500
005 - DATE AND TIME OF LATEST TRANSACTION
control field 20250612143450.0
008 - FIXED-LENGTH DATA ELEMENTS--GENERAL INFORMATION
fixed length control field 008 250505s9999 xx 000 0 eng d
020 ## - INTERNATIONAL STANDARD BOOK NUMBER
International Standard Book Number 9789391211042
040 ## - CATALOGING SOURCE
Language of cataloging eng
Transcribing agency ILCL
041 ## - LANGUAGE CODE
Language code of text/sound track or separate title eng
Source of code eng
084 ## - COLON CLASSIFICATION NUMBER
Classification number Z64 R3
100 ## - MAIN ENTRY--PERSONAL NAME
Personal name Sinha, Manoj Kumar (Ed.)
245 #0 - TITLE STATEMENT
Title Legal Research and Writing - new perspectives
260 ## - PUBLICATION, DISTRIBUTION, ETC.
Place of publication, distribution, etc. Delhi
Name of publisher, distributor, etc. Lexis Nexis
Date of publication, distribution, etc. 2023
300 ## - PHYSICAL DESCRIPTION
Extent xxxiv,460p.
700 ## - ADDED ENTRY--PERSONAL NAME
Personal name Kharb, Deepa (Ed.)
942 ## - ADDED ENTRY ELEMENTS (KOHA)
Koha item type Textbook
Source of classification or shelving scheme
100 ## - MAIN ENTRY--PERSONAL NAME
-- 747401
700 ## - ADDED ENTRY--PERSONAL NAME
-- 747402
999 ## -
-- 1311916
-- 1311916
Holdings
Withdrawn status Lost status Damaged status Not for loan Home library Current library Date acquired Source of acquisition Cost, normal purchase price Inventory number Total checkouts Full call number Barcode Date last seen Price effective from Koha item type
        Integrated Law Course library Integrated Law Course library 7-03-24 Apple Books 750.00 010 dt. 03-07-2024   Z64 R3 IL1863076 2025-05-06 2025-05-06 Textbook
        Integrated Law Course library Integrated Law Course library 7-03-24 Apple Books 750.00 010 dt. 03-07-2024   Z64 R3 IL1863077 2025-05-06 2025-05-06 Textbook
        Integrated Law Course library Integrated Law Course library 7-03-24 Apple Books 750.00 011 dt. 03-07-2024   Z64 R3 IL1863082 2025-05-06 2025-05-06 Textbook
        Integrated Law Course library Integrated Law Course library 7-03-24 Apple Books 750.00 011 dt. 03-07-2024   Z64 R3 IL1863083 2025-05-06 2025-05-06 Textbook
Copyright @ Delhi University Library System